00523nam a22001457a 4500020001500000040000900015082002000024100003200044245005900076260003500135650006700170942001200237999001900249952010900268 a0071203796 cNust a005.133-VBbGOT aBayron S. Gottfried9125376 aTheory and problems of Programming with visual basics  aNew York;bMcGraw-Hill,c2001. aTheory and problems of Programming with visual basics 9125377 2ddccBK c611128d611128 00102ddc4070aCEMEbCEMEcGENd2024-08-27l0o005.133-VB GOTpCEME- 35544r2024-08-27w2024-08-27yBK